000 00250nam a2200109Ia 4500
008 231011s9999 xx 000 0 und d
041 _aeng
100 _aEdwin B.Flippo.
245 _aPersonnel Management.
260 _bMcGrow Hill -
365 _b73
999 _c883493
_d883493